000
00228 a2200097 4500
001
44171
100
_a
Remak, J Ed
245
_a
The Naji year a documentary history
260
_a
London
_b
Prentice Hall
_c
090
_c
27912
_d
27912
942
_a
NUST-CAE
_c
M
_c
19905
999
_c
279244
_d
279244